Datum a čas kvízu
33.5
Celkem bodů
Celkový počet nahraných bodů na tomto kvízu bez doplňovacích otázek.
3.
Pořadí na kvízu
Konečné umístění týmu na tomto kvízu.
Zaznamenané odpovědi
| # | Otázka | Odpověď | Body | Výsledky |
|---|---|---|---|---|
| 1. | Ministerstvo vnitra připustilo... | Denisa Rohanová | 1 | |
| 2. | Zaměstnanec letiště Johna F. K... | C) živá kočka | 0 | |
| 3. | V úterý se v pražském Kině Luc... | Král Šumavy | 0 | |
| 4. | V pondělí, po pěti dnech letu,... | Orion | 1 | |
| 5. | V jednom z pátečních zápasů pr... | Walesu | 1 | |
| 6. | V následujících pěti otázkách... | bar, torr, atmosféra / pascal | 1 | |
| 7. | Odvozená jednotka SI elektrick... | farad | 1 | |
| 8. | Na lidské tělo, jehož odpor je... | 300 V | 0 | |
| 9. | Přiřaďte tyto jednotky k přísl... | 1B 2A 3D 4C | 1 | |
| 10. | Bušl je stará objemová a hmotn... | A | 0 |